Statistics for Percy Jackson Characters

Click here to take the quiz!

General Stats

  • This quiz has been taken 35 times
  • The average score is 14 of 15

Answer Stats

HintAnswer% Correct
percy's best friendGrover/ Grover Underwood/ grover
100%
son of deathNico/ Nico Di angelo/ nico
100%
loves bluePercy/ sewed brain/ Percy Jackson/ percy
100%
Percy's momSally Jackson/ sally
100%
was a treethalia/ Thalia / Thalia Grace
100%
in-charge of activitesChiron/ chrion
97%
repair boyLeo/ Leo Valdez/ leo
97%
in chargeMr D/ Dionysus
97%
Jason's girlfriendPiper/ Piper Mclean/ piper
97%
percy's brotherTyson/ tyson
97%
Nico's boyfriendWill/ Will Solace/ will
97%
hunter if artemisZoe Nightshade/ zoe/ Zoe
97%
booksAnnabeth/ wise girl/ Annabeth Chase/ annabeth
93%
leo's girlfriendCalypso/ claypso
90%
Sparkyjason/ Jason Grace
83%

Score Distribution

Percentile by Number Answered

Percent of People with Each Score

Your Score History

You have not taken this quiz